[Event "CZE-ch U16"]
[Site "Harrachov"]
[Date "2024.10.26"]
[Round "1"]
[White "Langmaier, Michal"]
[Black "Pusztai, Radim"]
[Result "1/2-1/2"]
[WhiteElo "1930"]
[BlackElo "1684"]
[PlyCount "35"]
[EventDate "2024.10.26"]
[EventType "swiss"]
[EventRounds "9"]
[EventCountry "CZE"]
[SourceTitle "CB45_2024"]
[Source "ChessBase"]
[SourceDate "2024.11.06"]
[SourceVersion "1"]
[SourceVersionDate "2024.11.06"]
[SourceQuality "1"]

1. d4 Nf6 2. c4 e6 3. Nf3 d5 4. Nc3 Be7 5. cxd5 exd5 6. Bg5 0-0 7. e3 h6 8. Bh4 c6 9. Qc2 Nbd7 10. Bd3 Re8 11. 0-0 Bd6 12. Rab1 b6 13. b4 Bb7 14. Bg3 Bxg3 15. hxg3 Rb8 16. Rfc1 Qe7 17. Nh4 Ne4 18. Nf3 1/2-1/2

[Event "Ricany op"]
[Site "Ricany"]
[Date "2023.09.02"]
[Round "9"]
[White "Langmaier, Michal"]
[Black "Strnadova, Monika"]
[Result "1/2-1/2"]
[WhiteElo "1662"]
[BlackElo "1833"]
[PlyCount "36"]
[EventDate "2023.08.26"]
[EventType "swiss"]
[EventRounds "9"]
[EventCountry "CZE"]
[SourceTitle "CBM 216 Extra"]
[Source "ChessBase"]
[SourceDate "2023.11.30"]
[SourceVersion "1"]
[SourceVersionDate "2023.11.30"]
[SourceQuality "1"]

1. d4 Nf6 2. c4 e5 3. dxe5 Ng4 4. Nf3 Bc5 5. e3 Nc6 6. Nc3 0-0 7. Be2 Re8 8. 0-0 Ngxe5 9. b3 d6 10. Bb2 Nxf3+ 11. Bxf3 Ne5 12. Nd5 a5 13. Rc1 c6 14. Nf4 Bf5 15. Be2 Qg5 16. Qd2 Bg4 17. Bxg4 Nxg4 18. Bd4 Nf6 1/2-1/2

[Event "Ricany op"]
[Site "Ricany"]
[Date "2023.08.27"]
[Round "3"]
[White "Langmaier, Michal"]
[Black "Cizek, Jan1"]
[Result "1-0"]
[WhiteElo "1662"]
[BlackElo "1515"]
[PlyCount "87"]
[EventDate "2023.08.26"]
[EventType "swiss"]
[EventRounds "9"]
[EventCountry "CZE"]
[SourceTitle "CBM 216 Extra"]
[Source "ChessBase"]
[SourceDate "2023.11.30"]
[SourceVersion "1"]
[SourceVersionDate "2023.11.30"]
[SourceQuality "1"]

1. d4 Nf6 2. c4 g6 3. g3 Bg7 4. Bg2 0-0 5. Nc3 c6 6. Nf3 d6 7. 0-0 Bf5 8. h3 Ne4 9. Bd2 Nxd2 10. Qxd2 Bc8 11. e4 Nd7 12. Rfe1 c5 13. Rad1 Qc7 14. Nd5 Qd8 15. dxc5 dxc5 16. e5 e6 17. Nc3 Qa5 18. Qc2 Nb8 19. Ne4 Nc6 20. Nd6 Nd4 21. Nxd4 cxd4 22. c5 Rb8 23. Qc4 b6 24. b4 Qa4 25. c6 Bxe5 26. Rxd4 Bxd6 27. Rxd6 Ba6 28. Qc3 Rbc8 29. c7 Qxa2 30. b5 Bxb5 31. Bb7 Rxc7 32. Qxc7 Bc4 33. Rd8 b5 34. Red1 Qe2 35. Rxf8+ Kxf8 36. Qd8+ Kg7 37. Qd4+ e5 38. Qd2 Qh5 39. Bg2 Qf5 40. Re1 Qe6 41. Qe3 a5 42. Qxe5+ Qxe5 43. Rxe5 a4 44. Bf1 1-0

[Event "CZE-ch U14"]
[Site "Herlikovice"]
[Date "2021.10.29"]
[Round "8"]
[White "Tegda, Vojtech"]
[Black "Langmaier, Michal"]
[Result "1/2-1/2"]
[WhiteElo "1270"]
[BlackElo "1375"]
[PlyCount "75"]
[EventDate "2021.10.23"]
[EventType "swiss"]
[EventRounds "9"]
[EventCountry "CZE"]
[SourceTitle "EXT 2023"]
[Source "ChessBase"]
[SourceDate "2022.10.05"]
[SourceVersion "1"]
[SourceVersionDate "2022.10.05"]
[SourceQuality "1"]

1. e4 d5 2. exd5 Qxd5 3. Nc3 Qd6 4. d4 Nf6 5. Nf3 c6 6. Be2 Bg4 7. 0-0 e6 8. Bg5 Nbd7 9. Qd2 Be7 10. a3 Qc7 11. Bf4 Bd6 12. Bxd6 Qxd6 13. Rfd1 0-0 14. Ne5 Nxe5 15. dxe5 Qxd2 16. Rxd2 Bxe2 17. Nxe2 Nd5 18. Rad1 Rfe8 19. Nc3 Kf8 20. Ne4 b5 21. b3 Ke7 22. c4 bxc4 23. bxc4 Nb6 24. Nd6 Red8 25. c5 Nd5 26. Rb2 Rab8 27. Rdb1 Rxb2 28. Rxb2 f6 29. exf6+ gxf6 30. Kf1 Nf4 31. Rb7+ Rd7 32. Nc8+ Kd8 33. Nd6 Rxb7 34. Nxb7+ Kc7 35. Na5 Nd3 36. Nb3 Ne5 37. Nd4 Kd7 38. Ke2 1/2-1/2

[Event "CZE-ch U14"]
[Site "Herlikovice"]
[Date "2021.10.25"]
[Round "3"]
[White "Langmaier, Michal"]
[Black "Tesar, Jakub"]
[Result "0-1"]
[WhiteElo "1375"]
[BlackElo "1611"]
[PlyCount "100"]
[EventDate "2021.10.23"]
[EventType "swiss"]
[EventRounds "9"]
[EventCountry "CZE"]
[SourceTitle "EXT 2023"]
[Source "ChessBase"]
[SourceDate "2022.10.05"]
[SourceVersion "1"]
[SourceVersionDate "2022.10.05"]
[SourceQuality "1"]

1. Nf3 d5 2. d4 Nf6 3. Bg5 e6 4. Nbd2 c5 5. e3 Nbd7 6. c4 Qa5 7. Bd3 dxc4 8. Bxc4 cxd4 9. Bxf6 dxe3 10. Bc3 exd2+ 11. Qxd2 Qh5 12. 0-0-0 g6 13. Kb1 Bh6 14. Qd4 Rg8 15. Rhe1 Qc5 16. Qxc5 Nxc5 17. Bf6 Bd7 18. Rd4 Bg7 19. Bxg7 Rxg7 20. Red1 f6 21. Kc2 Rc8 22. Kb1 e5 23. R4d2 Ne4 24. Rc2 a6 25. Rdc1 Ke7 26. Bd3 Rxc2 27. Rxc2 Nd6 28. Nd2 Kd8 29. Ne4 Bf5 30. f3 Bxe4 31. Bxe4 Nxe4 32. fxe4 Rd7 33. Rf2 Ke7 34. Kc2 Rd4 35. Re2 Kf7 36. Kc3 Kg7 37. a3 Kh6 38. g3 Kg5 39. h3 h5 40. b4 b5 41. Re1 Kh6 42. h4 g5 43. Re2 g4 44. Re1 Kg6 45. Re2 Rd1 46. Kc2 Ra1 47. Kb2 Rg1 48. Re3 Rg2+ 49. Kc3 Rf2 50. Kb3 Rf3 0-1

[Event "CZE-ch U14"]
[Site "Herlikovice"]
[Date "2021.10.23"]
[Round "1"]
[White "Langmaier, Michal"]
[Black "Sehnoutka, Vojtech"]
[Result "1-0"]
[WhiteElo "1375"]
[BlackElo "1042"]
[PlyCount "91"]
[EventDate "2021.10.23"]
[EventType "swiss"]
[EventRounds "9"]
[EventCountry "CZE"]
[SourceTitle "EXT 2023"]
[Source "ChessBase"]
[SourceDate "2022.10.05"]
[SourceVersion "1"]
[SourceVersionDate "2022.10.05"]
[SourceQuality "1"]

1. d4 d5 2. c4 c6 3. Nc3 e6 4. Nf3 Nd7 5. Bg5 Be7 6. Bxe7 Qxe7 7. e3 f5 8. Bd3 Ngf6 9. cxd5 cxd5 10. 0-0 0-0 11. Rc1 b6 12. Qe2 a5 13. a3 Ne4 14. Nb5 Ba6 15. Nc7 Bxd3 16. Qxd3 Rac8 17. Nb5 Ng5 18. Nxg5 Qxg5 19. a4 Nf6 20. Nc7 Qg4 21. Nxe6 Rxc1 22. Rxc1 Re8 23. Nf4 g5 24. h3 Qh4 25. Ne2 Ne4 26. Rf1 f4 27. Qb5 Re7 28. Qxd5+ Kf8 29. Qd8+ Kf7 30. Qxb6 fxe3 31. fxe3+ Kg7 32. Qd8 Rf7 33. Rxf7+ Kxf7 34. Qd5+ Kg6 35. Nf4+ gxf4 36. Qxe4+ Kg7 37. Qxf4 Qe1+ 38. Kh2 Qa1 39. d5 Qxb2 40. Qd4+ Qxd4 41. exd4 Kf6 42. Kg3 Ke7 43. Kf4 Kd6 44. Ke4 h5 45. g4 hxg4 46. hxg4 1-0